Mixed Word: Musical Occasions Quiz Stats

 Plays Quiz Updated Apr 5, 2012

Support Sporcle.
Go Orange.
Score 0/22 Timer 04:00
0 Plays Today
MUDDLED OCCASIONS MUSICAL OCCASIONS % Correct
RYTAP♬ ♫ P A R T Y ♫ ♬
97.5%
DENCA♬ ♫ DANCE ♫ ♬
96.5%
ERVA♮ RAVE ♮
95.8%
LLAB♭ BALL ♭
91.9%
CORK NERCTOC♬ ♫ ♬  R O C K  C O N C E R T  ♬ ♫ ♬
88.1%
SOCHLO ROMP♬   ♫  S C H O O L  P R O M  ♫   ♬
87.3%
PEARO♬  ♫  O P E R A  ♫  ♬
85.2%
ELTNAT HWOS♬ ♫  T A L E N T  S H O W  ♫ ♬
83.3%
LACISUM♬ ♩ ♫  M U S I C A L  ♫ ♩ ♬
79.3%
HUCHCR VESRIEC♬ ♫ ♩ ♬  C H U R C H  S E R V I C E  ♬ ♩ ♫ ♬
74.9%
DERAPA♬ ♩ ♫  P A R A D E  ♫ ♩ ♬
74.8%
MUDDLED OCCASIONS MUSICAL OCCASIONS % Correct
GIDNISH♬ ♩ ♫  S H I N D I G  ♫ ♩ ♬
67.7%
JOMEBERA♬ ♩ ♫ J A M B O R E E ♫ ♩ ♬
66%
RINDEN HEARTET♬ ♫ ♩ ♬ ♫  D I N N E R  T H E A T E R  ♬ ♫ ♩ ♬ ♫
64.4%
RECILAT♬ ♩ ♫  R E C I T A L  ♫ ♩ ♬
56.6%
OKREAKA THING♬ ♫ ♩ ♬  K A R A O K E  N I G H T  ♬ ♩ ♫ ♬
50.1%
DWINDEG EROPNETIC♬ ♫ ♩ ♬  W E D D I N G  R E C E P T I O N  ♬ ♩ ♫ ♬
49.5%
CRASHMITS RALINGCO♬ ♫ ♩ ♬  C H R I S T M A S  C A R O L I N G ♬ ♩ ♫ ♬
48.6%
WHODONE♬ ♩ ♫  H O E D O W N  ♫ ♩ ♬
47.8%
ERIOSE♬ ♩ ♫  S O I R E E  ♫ ♩ ♬
40.5%
FASTIE♬ ♩ ♫  F I E S T A  ♫ ♩ ♬
35.1%
NONOHYANET♬ ♫  H O O T E N A N N Y ♫ ♬
22.9%

From the Vault

A History of War

by SporcleEXP

History 8m
Can you pick the wars that took place during each of these centuries?
Remove Ads.
Support Sporcle.
Get the best of Sporcle when you Go Orange. This ad-free experience offers more features, more stats, and more fun while also helping to support Sporcle. Thank you for becoming a member.

Show Comments

Extras

Top Quizzes Today


Score Distribution

Your Account Isn't Verified!

In order to create a playlist on Sporcle, you need to verify the email address you used during registration. Go to your Sporcle Settings to finish the process.

Report this User

Report this user for behavior that violates our Community Guidelines.

Details: